Mopar - Statistics

General Stats
  • This quiz has been taken 4 times
  • The average score is 3 of 10
Answer Stats
hint Answer % Correct
mopar year 69 69 Charger
100%
mopar year 66 66 charger
33%
mopar year 66 66 Satelite
33%
mopar year 68 68 charger
33%
mopar year 70 70 Roadrunner
33%
mopar year 71 71 challenger
33%
mopar Jeep trail cat
33%
mopar Dodge Magnum
0%
mopar Ram
0%
mopar year 2020 SRT Dodge demon
0%
No matching quizzes found
Score Distribution
Percent of People with Each Score
Percentile by Number Answered
Your Score History
You have not taken this quiz